Sirotci dešťových stínů /
Úvodní část young adult urban fantasy z města draků, duchů, hackerů a gangsterů.
Uloženo v:
| Série: | Sirotci dešťových stínů,
část 1 |
|---|---|
| Hlavní autor: | |
| Další autoři: | |
| Médium: | Kniha |
| Jazyk: | Czech |
| Vydáno: |
V Praze :
Fragment,
2026
|
| Vydání: | 1. vydání |
| Témata: | |
| Celkem bylo vypůjčeno: | 0x |
| Příbuzné jednotky: | Z cyklu::
Sirotci dešťových stínů |
| Tagy: |
Žádné tagy |
| LEADER | 02624nam a2200529 i 4500 | ||
|---|---|---|---|
| 001 | 106500 | ||
| 003 | CZ PrSKC | ||
| 005 | 20260604173210.0 | ||
| 007 | ta | ||
| 008 | 260527s2026 xr d 000 f cze | ||
| 015 | |a cnb003759140 | ||
| 020 | |a 9788025378090 |q (brožováno) : |c Kč 499,00 | ||
| 040 | |a ABG001 |b cze |e rda | ||
| 041 | 1 | |a cze |h jpn | |
| 072 | 7 | |a 821.111-3 |x Anglická próza, anglicky psaná |2 Konspekt |9 25 | |
| 072 | 7 | |a 821-93 |x Literatura pro děti a mládež (beletrie) |2 Konspekt |9 26 | |
| 080 | |a 821.111-31 |2 MRF | ||
| 080 | |a 821-93 |2 MRF | ||
| 080 | |a 821-93-053.67 |2 MRF | ||
| 080 | |a (0:82-312.9) |2 MRF | ||
| 100 | 1 | |a Ishiguro, Naomi, |d 1992- |7 xx0270357 |4 aut |9 117434 | |
| 240 | 1 | 0 | |a Rainshadow orphans. |l Česky |
| 245 | 1 | 0 | |a Sirotci dešťových stínů / |c Naomi Ishiguro ; přeložil Štěpán Kovařík |
| 250 | |a 1. vydání | ||
| 264 | 1 | |a V Praze : |b Fragment, |c 2026 | |
| 300 | |a 510 stran ; |c 21 cm | ||
| 336 | |a text |b txt |2 rdacontent | ||
| 337 | |a bez média |b n |2 rdamedia | ||
| 338 | |a svazek |b nc |2 rdacarrier | ||
| 500 | |a Přeloženo z angličtiny | ||
| 520 | 2 | |a Úvodní část young adult urban fantasy z města draků, duchů, hackerů a gangsterů. |b V Závětrném městě vládne chudoba, korupce a strach ze Šťastných havranů - gangu, který určuje, kdo smí žít a kdo skončí pod zemí. Tošiko, Džun a Mei nespojuje příbuzenské pouto, ale touha pomstít smrt ženy, která jim byla vším. Haru, císařovnin syn, utíká od politiky ke Slunečním duchům, záhadným bytostem, které vidí pouze on. A Teo, nelegální přistěhovalec, touží jen splynout s okolím - jenže v gangu i tak přitahuje pozornost. Jejich světy by se nikdy neprotnuly, kdyby Dračí perla nepřepsala pravidla hry. Nakladatelská anotace. | |
| 521 | 8 | |a Pro čtenáře od 13 let | |
| 655 | 7 | |a anglické romány |7 fd131814 |2 czenas |9 53421 | |
| 655 | 7 | |a fantasy romány |7 fd184199 |2 czenas |9 54250 | |
| 655 | 7 | |a literatura young adult |7 fd1185572 |2 czenas |9 114939 | |
| 655 | 7 | |a publikace pro mládež |7 fd133157 |2 czenas |9 110 | |
| 655 | 9 | |a English fiction |2 eczenas | |
| 655 | 9 | |a fantasy novels |2 eczenas | |
| 655 | 9 | |a young adult literature |2 eczenas | |
| 655 | 9 | |a juvenile literature |2 eczenas | |
| 700 | 1 | |a Kovařík, Štěpán |7 ola2003193802 |4 trl |9 22618 | |
| 710 | 2 | |a Fragment (nakladatelství) |7 ko2004244768 |4 pbl |9 117176 | |
| 787 | 0 | 8 | |i Z cyklu: |t Sirotci dešťových stínů |g 1 |
| 910 | |a UOG502 | ||
| 942 | |2 ddc |c KN | ||
| 999 | |d 106500 | ||
| 993 | |0 0 |1 421180107220 |2 ddc |4 0 |7 0 |9 99944 |b 0 |c 107220 |d 2026-06-04 |e 0 |f DOSP |h 499.00 |i Koupě |l DOSP |r 2026-06-04 |t 6 |w 2026-06-04 |y KN |z BELETM |n | ||